000 00882nam a2200277Ia 4500
003 GCL
008 140319s9999 xx 000 0 ara d
040 _aGCL /
_cGCL
082 0 4 _a658.4
_bع س
100 1 _aعلى السلمى
245 1 0 _aالسلوك التنظيمى /
_cعلى السلمى
260 _aالقاهرة :
_bدار غريب للطباعة والنشر والتوزيع
300 _a390 ص ؛
_c24 سم
490 _a
650 0 4 _aالتعليم
650 0 4 _aالعلاقات الانسانية
650 0 4 _aالتنظيم
650 0 4 _aالدوافع النفسية
650 0 4 _aعلم النفس الاجتماعى
650 0 4 _aالادراك
650 0 4 _aالرؤساء والمديرون
650 0 4 _aاتخاذ القرارات
650 0 4 _aادارة الاعمال - سلوك
650 0 4 _aالدوافع
942 _2ddc
_cBK
999 _c39302
_d39302